Conflicts, religion and culture / (Record no. 378)

MARC details
000 -LEADER
fixed length control field 00666nam a22002057a 4500
005 - DATE AND TIME OF LATEST TRANSACTION
control field 20221213031826.0
008 - FIXED-LENGTH DATA ELEMENTS--GENERAL INFORMATION
fixed length control field 221213b |||||||| |||| 00| 0 eng d
020 ## - INTERNATIONAL STANDARD BOOK NUMBER
International Standard Book Number 978-1-78639-064-6
082 ## - DEWEY DECIMAL CLASSIFICATION NUMBER
Classification number 338.4720351 C748 2017
100 ## - MAIN ENTRY--PERSONAL NAME
Personal name Raj, Razaq
Relator term editor
245 ## - TITLE STATEMENT
Title Conflicts, religion and culture /
Statement of responsibility, etc. edited by Razaq Raj, Kevin Griffin
260 ## - PUBLICATION, DISTRIBUTION, ETC.
Place of publication, distribution, etc. Oxfordshire, Ox:
Name of publisher, distributor, etc. Cabi,
Date of publication, distribution, etc. c2017.
300 ## - PHYSICAL DESCRIPTION
Extent x, 176p.;
Other physical details col. ill.
490 ## - SERIES STATEMENT
Series statement Cabi religion tourism and pilgrimage series
500 ## - GENERAL NOTE
General note Includes index and references
541 ## - IMMEDIATE SOURCE OF ACQUISITION NOTE
Accession number 6933
650 ## - SUBJECT ADDED ENTRY--TOPICAL TERM
Topical term or geographic name entry element Tourist trade - Religious aspects
650 ## - SUBJECT ADDED ENTRY--TOPICAL TERM
Topical term or geographic name entry element Pilgrims and pilgrimage
700 ## - ADDED ENTRY--PERSONAL NAME
Personal name Griffin, Kevin

No items available.